Uma jibóia de estimação (Registo nº 2033)

Detalhes MARC
000 -Etiqueta do registo
Cabeçalho 00848nam a22002891 4500
005 - Identificador da versão
Campo de controlo 20240813121923.0
095 ## -
-- PTBN00019184
100 ## - Dados gerais de processamento
Dados gerais de processamento 19990930d1983 cd y0pory5003 ba
102 ## - Pais de publicação ou produção
País de publicação Portugal
101 1# - Língua de publicação
Língua do texto, banda sonora, etc. Português
Língua do documento no original Inglês
106 ## - Campo de dados codificados: material textual
Dados codificados do material textual r
105 ## - Campo de dados codificados: livros
Dados codificados dos livros a z 000fy
215 ## - Descrição física 
Indicação específica da natureza do documento e extensão da espécie [30] p.
Outras indicações físicas muito il.
Dimensões 28 cm
200 1# - Titulo e menção de responsabilidade
Título próprio Uma jibóia de estimação
Primeira menção de responsabilidade texto de Trinka Hakes Noble
Outras menções de responsabilidade il. Steven Kellogg
205 ## - Menção da edição
Menção da edição 1ª ed
210 ## - Publicação, Distribuição, etc. 
Lugar da edição, distribuição, etc. Lisboa
Nome do editor, distribuidor, etc. Livros Horizonte
Data da publicação, distribuição, etc. imp. 1983
304 ## - Notas relativas a título e menção de responsabilidade 
Texto da nota Tít. orig.: The day Jimmy's boa ate the wash
606 ## - Nome comum usado como assunto
Número de registo de entrada de autoridade 0000001
Palavra de ordem Literatura estrangeira infantil
Subdivisão de assunto Conto
675 ## - Classificação Decimal Universal (CDU)
Notação 82-34
Edição
Língua da edição por
701 #1 - Nome de autor-pessoa física (co-responsabilidade principal)
Palavra de ordem Kellogg
Outra parte do nome não tomada para palavra de ordem Steven
Código de função Ilustrador / Técnico de desenho computorizado
700 #1 - Nome de autor-pessoa física (responsabilidade principal)
Número de registo de entrada de autoridade 0000745
Palavra de ordem Noble
Outra parte do nome não tomada para palavra de ordem Trinka Hakes
942 ## - Elementos de entrada adicionados (Koha)
Tipo de item no Koha Livro
Exemplares
Situação do levantamento Origin of item (home branch) (coded) Biblioteca de empréstimo Código de barras Cota Circulation type (not for loan) Tipo de documento Nota do exemplar Damaged status
  Biblioteca Escolar da Coca Maravilhas Biblioteca Escolar da Coca Maravilhas BECM4433/99 8EST NOB   Livro Sem mensagem